|
|
|
|
| LEADER |
01364nam a2200325 i 4500 |
| 001 |
31418 |
| 003 |
BD-DhAAL |
| 005 |
20161031163727.0 |
| 008 |
161031s2016 caua b 001 0 eng |
| 010 |
|
|
|a 2016023056
|
| 020 |
|
|
|a 9789351508939
|
| 020 |
|
|
|a 9789351509622 (epub)
|
| 020 |
|
|
|z 9789351509639 (ebook)
|
| 040 |
|
|
|a DLC
|b eng
|c DLC
|e rda
|d DLC
|d BD-DhAAL
|
| 050 |
0 |
0 |
|a HQ759
|b .A534 2016
|
| 082 |
0 |
0 |
|a 306.8743
|2 23
|
| 100 |
1 |
|
|a Aneja, Anu,
|e author.
|9 20700
|
| 245 |
1 |
0 |
|a Embodying motherhood :
|b perspectives from contemporary India /
|c Anu Aneja and Shubhangi Vaidya.
|
| 260 |
|
|
|a Los Angeles :
|b SAGE,
|c 2016.
|
| 300 |
|
|
|a xxviii, 218 pages :
|b illustrations ;
|c 23 cm
|
| 504 |
|
|
|a Includes bibliographical references (pages 208-211) and index.
|
| 526 |
|
|
|a ENH
|
| 541 |
|
|
|e 31417, 31418
|
| 650 |
|
0 |
|a Mothers
|z India.
|9 20701
|
| 650 |
|
0 |
|a Motherhood
|z India.
|9 20702
|
| 700 |
1 |
|
|a Vaidya, Shubhangi,
|e author.
|9 20703
|
| 942 |
|
|
|2 ddc
|c BK
|
| 999 |
|
|
|c 37860
|d 37860
|
| 952 |
|
|
|0 0
|1 0
|2 ddc
|4 0
|6 306_874300000000000_ANE
|7 0
|9 59704
|a BRACUL
|b BRACUL
|c GEN
|d 2016-09-25
|e Trim Education
|g 1127.00
|l 0
|o 306.8743 ANE
|p 3010031417
|r 2016-10-10
|t 1
|v 1127.00
|w 2016-09-25
|y BK
|
| 952 |
|
|
|0 0
|1 0
|2 ddc
|4 0
|6 306_874300000000000_ANE
|7 0
|9 59705
|a BRACUL
|b BRACUL
|c GEN
|d 2016-09-25
|e Trim Education
|g 1127.00
|l 1
|m 3
|o 306.8743 ANE
|p 3010031418
|r 2026-05-19
|s 2026-04-20
|t 2
|v 1127.00
|w 2016-09-25
|y BK
|